00905ntm a22002297a 450000500170000000800410001704000280005808200170008610000250010324500840012826000100021230000350022250001800025759000170043765000390045465300230049365500090051670000240052594200080054999900170055795201010057420170808094332.0170802s2014 xx a frb 000 0 eng d aEG-ScBUEbengcEG-ScBUE04222a624bSAA1 aElSaandany, Mohamed.10aDesign project of reinforced concrete :boffice building /cMohamed ElSaandany. c2014. a45 p. :bill. (col.) ;c28 cm. aA design thesis submitted to the faculty of engineering the British University in Egypt,in partial fulfillment of the requirements for the bachelor degree in civil engineering aRAHMA KHALED 72BUEshaCivil engineeringvProjects bENGCIVcAugust2017 vSPRO1 aSaleh, Hossam.eths 2ddc c25228d25200 00102ddc4070aMAINbMAINc2NDd2017-08-07l0o624 ELSp000046392r2025-07-15 00:00:00yPROJST